banner-ar

THAILAND THE BEAUTIFUL COOKBOOK (Record no. 5846)

MARC details
000 -الفاتح
حقل البيانات ثابتة الطول 00449nam a2200169Ia 4500
008 - عناصر البيانات ثابتة الطول - معلومات عامة
حقل البيانات ثابتة الطول 140319s9999 xx 000 0 eng d
020 ## - الرقم الدولى المعيارى للكتب
الرقم الدولى المعيارى للكتاب 0002550296
040 ## - مصدر الفهرسة
وكالة الفهرسة الأصلية GCL /
وكالة النسخ GCL
082 04 - رقم تصنيف ديوى العشرى
رقم التصنيف 641.59593
رقم المادة C T
245 10 - بيان العنوان
العنوان THAILAND THE BEAUTIFUL COOKBOOK
300 ## - الوصف المادى
التعداد 32 cm ؛
أبعاد الوعاء 256 p
650 04 - المدخل الاضافى بالموضوع-مصطلح موضوعى
مصطلح موضوعي COOKING
650 04 - المدخل الاضافى بالموضوع-مصطلح موضوعى
مصطلح موضوعي THAILAND - SOCIAL LIFE AND CUSTOMS
942 ## - عناصر المدخل الإضافي( كوها)
مصدر التصنيف او مخطط الترفيف Dewey Decimal Classification
Koha [default] item type كتاب
260 ## - PUBLICATION, DISTRIBUTION, ETC. (IMPRINT)
-- نيويورك :
-- COLLINS AND BROWN LIMITED
Holdings
حالة التراجع حالة الفقد حالة تلف ليس للاعارة المكان المؤقت الموقع الحالى تاريخ الاكتساب اجمالي اﻻعارات رقم الطلب الباركود تاريخ اخر مشاهدة تاريخ تفعيل السعر نوع وعاء كوها
        مكتبة القاهرة الكبرى مكتبة القاهرة الكبرى 03/26/2014   641.59593\C T 12341 03/26/2014 03/26/2014 كتاب

Powered By

EGPV